00724nam a2200241 a 4500001001300000003000900013005001700022008004100039020001000080082001700090100003100107245001700138260005700155300000900212500003500221505003400256650001400290700003100304902000800335942000700343952011700350999001500467nice12345678IN_TiNIC20260116012139.0050524s1978 teha grp 000 0 eng  ac10000a297.211bRIZ aRizvi Sayyid, Saeed Akhtar aGod of Islam aTehranbWorld Organisation for Islamic Studiesc1978 a134p aincludes index and biblioraphy2 aAppendex, Bibliography, Index aGod-Islam1 aRizvi Sayyid, Saeed Akhtar bSRS cBK 001040708StackRoom-aHMIbHMId2011-01-21g100.00l0o297.211 RIZp09788r2011-01-21v100.00w2005-05-24yBK c5826d5826